Most popular Roblox games - Statistics

General Stats
  • This quiz has been taken 85 times
  • The average score is 6 of 10
Answer Stats
Hint Answer % Correct
39,138,000,000 visitsGame about living your dream life, adopting kids and pets and exploring the world. Adopt me
91%
19,180,000,000 visitsDress up and adopt your own pet called a meep. Meepcity
76%
13,434,000,000 visitsA game about working together to escape different killers, deriving from the popular kids show "Peppa Pig" Piggy
76%
Around 49,668,000,000Game about sailing the seas and using fruits to gain powers, gain levels by fighting iconic bosses and becoming the emperor of the sea. Blox Fruits
73%
24,932,000,000 visitsA game about conquering a colorful tower and racing others to the top. Tower of Hell
65%
19,984,000,000 visitsA game about working with friends to find out who the killer is. Everyone is assigned a 1 of 3 roles. Murder mystery 2
56%
11,921,000,000A battlegrounds game about fighting with your favorite characters, emoting with your friends and becoming the number one hero! The strongest battlegrounds
44%
10,119,000,000A game about living in royalty, dressing up and roleplaying with others in fashion. Royal High
39%
Around 62,923,000,000 visitsA game where you get the choice to explore, live a life and roleplay with others Brookhaven RP
35%
10,292,000,000A game about trading with materials, building with blocks and destroying others in combat. Bedwars
29%
No matching quizzes found
Score Distribution
Percent of People with Each Score
Percentile by Number Answered
Your Score History
You have not taken this quiz